Statistics for Countries by Lowest Population of Capital City

Click here to take the quiz!

General Stats

  • This quiz has been taken 14 times
  • The average score is 8 of 10

Answer Stats

Population% of CountryAnswer% Correct
826100Vatican City
100%
5 24813.8Liechtenstein
93%
1 10010.3Nauru
93%
2711.5Palau
93%
4 49239Tuvalu
93%
6 4441.5Malta
86%
9 9008.8Micronesia
79%
4 49313.3San Marino
79%
7 5006.7Grenada
71%
13 04324.9Saint Kitts and Nevis
57%

Score Distribution

Percentile by Number Answered

Percent of People with Each Score

Your Score History

You have not taken this quiz